| 000 | 01146cam a2200205 4500 | ||
|---|---|---|---|
| 001 | WB3909-15 | ||
| 008 | 030306n2003 000 0 eng u | ||
| 035 | _a(Sirsi) u121557 | ||
| 245 | _aNew service offers 'outsourcing' of brownfield risks | ||
| 260 | _c2003 | ||
| 490 |
_aENDS Report _v(337) February 2003, 8(1) |
||
| 520 | _aWSP Group, a leading environmental consultancy, has launched a new service, Active Transfer, to manage corporate brownfield sites, any contamination issues arising and to carry out any remediation work required. Insurance will be provided by the Willis Group. Due to the close relationship between them and WSP, the insurance policies will be around 30 years, longer than the normal 10 - 15 years. Already used in the US market, the service goes one step futher by transferring the responsibilities to manage the land and carry out remediation work. Ownership of the land will be unaffected. | ||
| 590 | _aWB | ||
| 650 | _aBROWNFIELD SITES | ||
| 650 | _aCONTAMINATED LAND | ||
| 650 | _aCONTAMINATED LAND REMEDIATION MARKET | ||
| 650 |
_aInsurance _96249 |
||
| 690 | _aENVIRONMENT-CONTAMINATION | ||
| 942 | _n0 | ||
| 999 |
_c72254 _d72254 |
||